• 首页
  • 本馆介绍
  • 公告通知
  • 最新文献
  • 馆藏检索
  • 电子资源
  • 读者导购
  • 参考咨询
  • 我的图书馆
  • 登录
  • 详细信息显示
  • 放入我的书架
  • 预约/预借图书
  • 作者相关作品
  • 分类相关作品
  • 丛书相关作品
  • 出版社相关作品

书目信息

  • 表格格式
  • 工作单格式
  • 卡片格式
题名:
锌银蓄电池
    
 
作者: 孟宪臣 著
分册:  
出版信息: 北京   人民邮电出版社  1982
页数: 85页
开本: 19cm
丛书名:
单 册:
中图分类: TM912.2
科图分类:
主题词: 锌-银蓄电池
电子资源:
ISBN:
000 00589nam0 2200229 45
001 0182006887
005 20060802153209.00
010    @dCNY0.28
091    @a15045.总2678-有5280
100    @a19950701d1982 em y0chiy0121 ea
101 0  @achi
102    @aCN@b110000
105    @ay z 000yy
200 10 @a锌银蓄电池@Axin yin xu dian chi@f孟宪臣著
210    @a北京@c人民邮电出版社@d1982
215    @a85页@d19cm
606    @a锌-银蓄电池
690    @aTM912.2@v3
701  0 @a孟宪臣@Ameng xian chen@4著
801  2 @aCN@bNLC@c20060802
801  0 @aCN@bTSSF
905    @a10447@dTM912.2@e95
    
    锌银蓄电池/孟宪臣著.-北京:人民邮电出版社,1982
    85页;19cm
    
    
    ISBN :CNY0.28
    
●
相关链接 在E读中查询图书 在五车中查询图书 在当当中查询图书 在豆瓣中查询图书


正题名:锌银蓄电池     索取号:TM912.2/95         预约/预借

序号 登录号 条形码 馆藏地/架位号 状态 备注
1 0439523   204395234   密集书库/ [索取号:TM912.2/95] 在馆    
唐山师范学院图书馆 欢迎您!
大连网信软件有限公司© 版权所有